Central Library OPAC University of Rajshahi
Normal view MARC view

Entry Geographic Name

Number of records used in: 2

001 - CONTROL NUMBER

  • control field: 5624

003 - CONTROL NUMBER IDENTIFIER

  • control field: BD-RjUL

005 - DATE AND TIME OF LATEST TRANSACTION

  • control field: 20221101110501.0

008 - FIXED-LENGTH DATA ELEMENTS

  • fixed length control field: 221101|| aca||aabn | a|a d

040 ## - CATALOGING SOURCE

  • Original cataloging agency: BD-RjUL
  • Transcribing agency: BD-RjUL

151 ## - HEADING--GEOGRAPHIC NAME

  • Geographic name: United States
  • General subdivision: History
  • Chronological subdivision: French and Indian War, 1754-1763
  • Form subdivision: Fiction

670 ## - SOURCE DATA FOUND

  • Source citation: Work cat.: (BD-RjUL)80676: Cooper, James Fenimore, 1789-1851. 5622, The last of the Mohicans /, 1906 [reprinted 1951]